Альманах. 16: Год двадцать второй (Запись № 12313858)
[ простой вид ]
| 000 -МАРКЕР | |
|---|---|
| контрольное поле | 01539nam2a2200277 4500 |
| 001 - ИДЕНТИФИКАТОР ЗАПИСИ | |
| контрольное поле | RU\NLR\BIBL_A\022260257 |
| 005 - ИДЕНТИФИКАТОР ВЕРСИИ | |
| контрольное поле | 20250625175458.0 |
| 035 ## - ДРУГИЕ СИСТЕМНЫЕ НОМЕРА | |
| Идентификатор записи | (NLR Aleph) 022260257 |
| 100 ## - ДАННЫЕ ОБЩЕЙ ОБРАБОТКИ | |
| Данные общей обработки | 20240624d1939 |||y0rusy50 ca |
| 101 0# - ЯЗЫК РЕСУРСА | |
| Язык текста, звукозаписи и т.д. | русский |
| 102 ## - СТРАНА ПУБЛИКАЦИИ ИЛИ ПРОИЗВОДСТВА | |
| Страна публикации | Российская Федерация |
| 105 ## - ПОЛЕ КОДИРОВАННЫХ ДАННЫХ: ТЕКСТОВЫЕ МАТЕРИАЛЫ, МОНОГРАФИЧЕСКИЕ | |
| Кодированные данные о монографическом текстовом документе | y z 000zy |
| 200 1# - ЗАГЛАВИЕ И СВЕДЕНИЯ ОБ ОТВЕТСТВЕННОСТИ | |
| Основное заглавие | Год двадцать второй |
| Первые сведения об ответственности | [и. о. ответ. редактора Л. Лагин] |
| 210 ## - ПУБЛИКАЦИЯ, РАСПРОСТРАНЕНИЕ И ДР. | |
| Место издания, распространения и т.д. | Москва |
| Имя издателя, распространителя и т. д. | Художественная литература |
| Дата издания, распространения и т.д. | 1939 (печ. 1940) |
| 215 ## - ФИЗИЧЕСКАЯ ХАРАКТЕРИСТИКА | |
| Специфическое обозначение материала и объем | 507, [1] c. |
| 300 ## - ОБЩИЕ ПРИМЕЧАНИЯ | |
| Текст примечания | Частное загл. пер. и корешка: Год XXII |
| 320 ## - ПРИМЕЧАНИЯ О НАЛИЧИИ В ДОКУМЕНТЕ БИБЛИОГРАФИИ / УКАЗАТЕЛЯ | |
| Текст примечания | Библиогр. в подстроч. примеч. |
| 327 1# - ПРИМЕЧАНИЯ О СОДЕРЖАНИИ | |
| Текст примечания | Содерж.: Возмутитель спокойствия / Л. Соловьев. Степан Кольчугин / В. Гроссман. Большая вода / Б. Горбатов. Слово свидетеля / П. Русин. Сервантес / Эм. Миндлин. Антон / А. Тубин. К вопросу о дуэли Лермонтова / Э. Герштейн |
| 461 #0 - УРОВЕНЬ НАБОРА | |
| Встроенное поле | 001rc\2671425 |
| -- | 2001#$aАльманах$fпод редакцией: М. Горького [и др.]$v16 |
| Системный номер (АБИС) связанной записи | 6233344 |
| Место публикации | Москва |
| Дата публикации | 1933-1939 |
| Первые сведения об ответственности | под редакцией: М. Горького [и др.] |
| Имя издателя, распространителя и т.д. | Советская литература |
| Заглавие | Альманах |
| Номер тома | 16 |
| 512 1# - ЗАГЛАВИЕ ОБЛОЖКИ | |
| Заглавие обложки | Год XXII |
| 852 ## - МЕСТОНАХОЖДЕНИЕ И ШИФР ХРАНЕНИЯ | |
| Идентификатор организации | NLR |
| Шифр хранения (Call Number) | 33-18/326(16) |
| 942 ## - ДОПОЛНИТЕЛЬНЫЕ ЭЛЕМЕНТЫ ЗАПИСИ (АБИС) | |
| Тип экземпляра АБИС | Книга |
| 980 ## - КОЛЛЕКЦИЯ | |
| Название коллекции | Национальная библиография |
| Тип экземпляра | Дата поступления | Библиотека постоянного хранения | Библиотека текущего хранения | Место хранения | Шифр хранения | Штрих-код | Статус экземпляра |
|---|---|---|---|---|---|---|---|
| Книга | 26.06.2024 | РНБ (Садовая) | РНБ (Садовая) | Русский книжный фонд -Главное здание, Ленинский читальный зал | 33-18/326(16) | 22260257-10 | |
| Книга | 26.06.2024 | РНБ (Садовая) | РНБ (Садовая) | Русский книжный фонд -Главное здание, Ленинский читальный зал | 33-18/326(16)а | 22260257-20 |